| 000 | 03062nam0a22004211 4500 | ||
|---|---|---|---|
| 001 | RU\NLR\BIBL_A\022672389 | ||
| 005 | 20260407101744.0 | ||
| 010 |
_a978-5-8064-3666-6 _9500 |
||
| 021 | _aRU | ||
| 035 | _a(NLR Aleph) 022672389 | ||
| 090 |
_a13510378 _c13510378 |
||
| 100 | _a20251125d2025 u y0rusy50 ca | ||
| 101 | 0 |
_achi _crus |
|
| 102 | _aRU | ||
| 105 | _aa g 001zy | ||
| 181 | 0 |
_ai _baxxe |
|
| 182 | 0 | _an | |
| 200 | 1 |
_a赫尔岑大学典藏系列·历史家具 _fЕ.К.布利诺娃、В.А.库兹米乔夫、Д.А.特卡琴科 _g梁翠珍 [译者] |
|
| 203 |
_aТекст _bвизуальный _cнепосредственный |
||
| 210 |
_a圣彼得堡 _c俄罗斯国立赫尔岑师范大学出版社 _d2025 |
||
| 210 |
_aСанкт-Петербург _cИздательство РГПУ _d2025 |
||
| 215 |
_a120 с. _cил., цв. ил., портр., факс. _d23x25 см |
||
| 300 | _aНа авантит.: 俄罗斯国立赫尔岑师范大学,艺术教育学院 = Российский государственный педагогический университет им. А.И. Герцена, Институт художественного образования | ||
| 324 | _aПер. с рус. по изд.: Уникальные коллекции Герценовского университета. Историческая мебель / Е. К. Блинова, В. А. Кузмичев, Д. А. Ткаченко ; [Российский государственный педагогический университет им. А. И. Герцена, Институт художественного образования] 2-е изд., испр. и доп. Санкт-Петербург : Изд-во РГПУ им. А. И. Герцена, 2024 978-5-8064-3523-2 | ||
| 510 | 1 |
_aУникальные коллекции Герценовского университета. Историческая мебель _eальбом на китайском языке _zrus |
|
| 601 | 0 | 2 |
_aРоссийский государственный педагогический университет им. А.И. Герцена _cСанкт-Петербург, город _xМебель учебная _xИстория _92345099 _3RU\NLR\AUTH\6601624754 |
| 606 | 1 |
_aМебель русская _z19 в. _92389542 _3RU\NLR\AUTH\661425136 |
|
| 606 | 1 |
_aМебель _xРеставрация _91602137 _3RU\NLR\AUTH\66705264 |
|
| 702 | 1 |
_aБлинова _bЕ. К. _gЕлена Константиновна |
|
| 702 | 1 |
_aКузмичев _bВ. А. _gВладимир Арсентьевич |
|
| 702 | 1 |
_aТкаченко _bД. А. _f1979- _gДмитрий Александрович |
|
| 702 | 1 |
_aЛян Цуйчжэнь _4730 |
|
| 711 | 0 | 2 |
_aРоссийский государственный педагогический университет им. А. И. Герцена _cСанкт-Петербург _3RU\NLR\AUTH\889929136 _9353794 |
| 852 |
_aNLR _bОЛСАА-кит. _j3-5684 |
||
| 942 | _cBOOK | ||
| 980 | 1 | _aCHIN | |
| 980 | _aNB | ||